|
|
|
|
| LEADER |
01603cas a2200241 a 4500 |
| 001 |
AALejournalIMF003293 |
| 008 |
230101c9999 xx r poo 0 0eng d |
| 020 |
|
|
|c 5.00 USD
|
| 020 |
|
|
|z 9781451818802
|
| 022 |
|
|
|a 1934-7685
|
| 040 |
|
|
|a BD-DhAAL
|c BD-DhAAL
|
| 110 |
2 |
|
|a International Monetary Fund.
|
| 245 |
1 |
0 |
|a Ireland :
|b Selected Issues.
|
| 264 |
|
1 |
|a Washington, D.C. :
|b International Monetary Fund,
|c 2004.
|
| 300 |
|
|
|a 1 online resource (60 pages)
|
| 490 |
1 |
|
|a IMF Staff Country Reports
|
| 500 |
|
|
|a <strong>Off-Campus Access:</strong> No User ID or Password Required
|
| 500 |
|
|
|a <strong>On-Campus Access:</strong> No User ID or Password Required
|
| 506 |
|
|
|a Electronic access restricted to authorized BRAC University faculty, staff and students
|
| 520 |
3 |
|
|a The Selected Issues paper analyzes how fast Ireland will grow in the future. The approach of this paper is to consider the catch-up in labor utilization productivity and use independent demographic projections and other considerations to make reasonable assumptions about labor productivity and utilization growth in the future. It uses a simple growth-accounting framework, and discusses the trends in labor utilization and productivity per hour in the past. The paper also describes the spectacular boom of the Irish housing market and its key drivers from an international perspective.
|
| 538 |
|
|
|a Mode of access: Internet
|
| 830 |
|
0 |
|a IMF Staff Country Reports; Country Report ;
|v No. 2004/349
|
| 856 |
4 |
0 |
|z Full text available on IMF
|u http://elibrary.imf.org/view/journals/002/2004/349/002.2004.issue-349-en.xml
|z IMF e-Library
|